000 01051nam a22003257a 4500
003 CHAP
005 20220329135832.0
008 971013s r 00010 d
010 _a43007
011 _a43979
035 _a48117
040 _cCHAP
090 _aFolleto 7442
110 _aMéxico. Dirección General para el Desarrollo Agroindustrial
_977057
245 _aFrutas y hortalizas
_b: deshidratación
260 _a(s.l. :
_bs.e.),
_c(s.a.)
300 _as.p.
490 _aProcesos agroindustriales
_v; 11
500 _aHoja desplegable
590 _aBATCH-UPD
_b10
_c20130110
_lUCH01
_h1918
590 _aBATCH-UPD
_b10
_c20130410
_lUCH01
_h1244
590 _aBATCH-UPD
_b10
_c20130914
_lUCH01
_h1446
590 _aCONVERSION
_b10
_c20130109
_lUCH01
_h1324
650 1 4 _aFrutas y legumbres
_xDeshidratación.
_943680
830 0 _aProcesos agroindustriales
_v; 11
_991824
901 _aBK
942 _cFOLL
949 _aFolleto 7442
_bBC
_cFOLL
_d-109177
_eTS1
_i48117
_si
949 _aFolleto 7442
_bBC
_cFOLL
_d-109178
_eTS2
_fc.2
_i48117
_si
999 _c43007
_d43007